000 01400cam a22002174a 4500
005 20250605164148.0
008 250528s ||||||||||||||||||||||||d
035 _a19276
020 _a9604315188
040 _aGR-AtMCL
_bgre
_dGR-AtMCL
_eAACR2
245 1 _aΑνάλυση Δεδομένων με τη Βοήθεια Στατιστικών Πακέτων / SPSS - Excel - S-Plus
260 _bΖήτη,
_c1999
520 _aΠρόλογος, Εισαγωγή στη Στατιστική Ανάλυση, Στατιστική, Επιστημονική Έρευνα και Στατιστική, Στατιστικές Τεχνικές, Ανάλυση μιας Μεταβλητής, Περιγραφική Στατιστική, Στατιστική Συμπερασματολογία, Ανάλυση Δύο Μεταβλητών, Περιγραφική Στατιστική, Στατιστική Συμπερασματολογία (Σύγκριση Δύο Δειγμάτων), Στατιστική Συμπερασματολογία (Σχέση Μεταξύ Δύο Μεταβλητών), Η Γλώσσα S, S.P.S.S., Excel.
700 1 _aΜπαγιάτης Ντίνος
_95508
700 1 _aΜωυσιάδης Χρόνης
_95509
700 1 _aΤσάντας Νίκος
_95510
700 1 _aΧατζηπαντελής Θόδωρος
_95511
942 _cBK
999 _c4540
_d4540